Elementos de la responsabilidad civil: perjuicio, culpa y relación de causalidad

Gespeichert in:
Bibliographische Detailangaben
Hauptverfasser: Mazeaud, Henri (autor), Mazeaud, León (VerfasserIn)
Format: Buch
Sprache:Spanisch
Veröffentlicht: Santiago Ediciones Jurídicas de Santiago 2013
Ausgabe:1a. ed
Schriftenreihe:Clásicos del Derecho
Schlagworte:
Tags: Tag hinzufügen
Keine Tags, Fügen Sie den ersten Tag hinzu!

MARC

LEADER 00000cam a2200000 a 4500
001 UCE2460
003 CL-VaPUC
008 140703e20130000cl |||||||||||||||||spa|d
020 |a 9789568285722 
082 0 4 |a 346.4403  |b MAZ  |2 21 
100 |a Mazeaud, Henri  |e autor  |9 574904 
700 0 |a Mazeaud, León  |e author  |9 574905 
245 1 0 |a Elementos de la responsabilidad civil: perjuicio, culpa y relación de causalidad 
250 |a 1a. ed 
300 |a 551 p 
942 |c BK 
945 |d 20140703 14:09:00  |a dcastane 
260 |a Santiago  |b Ediciones Jurídicas de Santiago  |c 2013 
650 7 |a RESPONSABILIDAD CIVIL  |2 CL-VaPUC  |9 574906 
650 0 |a Derecho civil  |9 255013 
650 0 |a Delito  |9 336975 
650 7 |a PERJUICIO  |2 CL-VaPUC  |9 533509 
650 7 |a CULPA  |2 CL-VaPUC  |9 372629 
583 |a last modification  |c 20140703 14:09:00  |k Rodrigo Vera 
490 0 |a Clásicos del Derecho 
999 |c 356060  |d 356058 
952 |0 0  |1 0  |3 erd  |4 0  |6 346_440300000000000_MAZ_2013  |7 0  |8 A  |9 463137  |a BIBDER  |b BIBDER  |i 5088178  |l 3  |o 346.4403 MAZ 2013  |p 5088178  |r 2025-01-03  |s 2025-01-03  |w 2019-11-23  |y BK  |z Catalogado en:20140703  |k DER